[Event "Match"]
[Site "www.echecsemail.com"]
[Date "2018.10.27"]
[Round "1"]
[White "Apdash"]
[Black "Traub"]
[WhiteElo "2080"]
[BlackElo "1590"]
[Result "1-0"]
[Round "1"]
1.d4 d5
2.c4 c6
3.e3 Ng8f6
4.cxd5 Nf6xd5
5.Nb1c3 Nd5b6
6.Ng1f3 Bc8g4
7.Bf1e2 Nb8d7
8.O-O f5
9.h3 Bg4h5
10.Nf3e5 Bh5xe2
11.Qd1xe2 g6
12.e4 fxe4
13.Qe2xe4 Nd7f6
14.Qe4f4 Bf8g7
15.Bc1e3 O-O
16.Qf4g3 e6
17.Ra1d1 Nf6d5
18.Be3g5 Qd8c7
19.Nc3e4 Rf8f5
20.Ne4c5 Ra8f8
21.Nc5xe6 Qc7c8
22.Ne6xf8 Qc8xf8
23.h4 Nd5f4
24.Bg5xf4 Rf5xf4
25.Qg3b3 Nb6d5
26.g3 Rf4f5
27.Qb3xb7 Bg7xe5
28.dxe5 Rf5xe5
29.Qb7xc6 Nd5b4
30.Qc6c7 Re5e7
31.Qc7c4 Qf8f7
32.Qc4xb4 Re7e2
33.Rd1d8 Kg7
34.Qb4d4  { time }
1-0

[Event "Tourn. n9670"]
[Site "www.chess-mail.com"]
[Date "2018.10.28"]
[Round "1"]
[White "Seger"]
[Black "Stepanpech"]
[WhiteElo "2780"]
[BlackElo "2400"]
[Result "1-0"]
[Round "1"]
1.Ng1f3 Ng8f6
2.d4 d5
3.e3 e6
4.b3 c5
5.Bc1b2 Nb8c6
6.Nb1d2 cxd4
7.exd4 Bf8e7
8.Bf1d3 b6
9.O-O O-O
10.Rf1e1 Nc6b4
11.Bd3f1 Bc8b7
12.c3 Nb4c6
13.Bf1d3 Ra8c8
14.a4 a5
15.Ra1c1 Rf8e8
16.Bd3b5 Nf6d7
17.Nd2f1 Nd7f6
18.Nf1g3 Re8f8
19.Nf3d2 Be7d6
20.Qd1e2 Qd8c7
21.Ng3f1 Rf8d8
22.g3 Nc6e7
23.Bb5d3 g6
24.Nf1e3 Ne7f5
25.Ne3c2 Qc7e7
26.Rc1a1 Bd6b8
27.Nc2a3 Qe7f8
28.Nd2f3 Nf6e4
29.Na3b5 Nf5d6
30.Nb5xd6 Qf8xd6
31.c4 f5
32.Bb2a3 Qd6c6
33.Qe2e3 Qc6e8
34.Ra1c1 Qe8f7
35.cxd5 exd5
36.Qe3h6 Qf7f6
37.Bd3b5 f4
38.Kg2 Rc8xc1
39.Re1xc1 Kh8
40.Qh6h4 g5
41.Qh4h5 Qf6g7
42.g4 Rd8g8
43.Bb5c6 Bb7a6
44.Bc6xd5 Ne4f6
45.Qh5f7 Nf6xd5
46.Qf7xd5 Ba6b7
47.Qd5b5 Qg7f7
48.Qb5xb6 Bb8a7
49.Qb6b5 Qf7d5
50.Qb5xd5 Bb7xd5
51.Ba3d6 h5
52.Bd6e5 Kh7
53.Rc1c7 Kh6
54.Rc7d7 Bd5e4
55.Rd7xa7 hxg4
56.Ra7xa5 gxf3
57.Kf1 Be4c2
58.Ra5c5 Bc2xb3
59.a5 Bb3d1
60.Ke1 Bd1e2
61.d5 Kg6
62.d6 Rg8d8
63.Kd2 Be2f1
64.Kc3 Rd8a8
65.Rc5c7 Kf5
66.Rc7e7 g4
67.Kb4 Ra8b8
68.Kc5 Rb8b5
69.Kd4 Rb5xa5
70.d7 Ra5a4
71.Kd5 Ra4a5
72.Kc6 Bf1b5
73.Kb6 Bb5xd7
74.Kxa5 Bd7c6
75.Kb6 Bc6a4
76.Be5b8 g3
77.hxg3 fxg3
78.Bb8xg3 Kf6
79.Bg3d6 Ba4c2
80.Kc5 Bc2d1
81.Kd5 Bd1b3
82.Ke4 Bb3d1
83.Re7c7 Ke6
84.Bd6e5 Bd1e2
85.Rc7c6 Kd7
86.Kd5 { resign }
1-0

[Event "Tourn. n9940"]
[Site "www.echecsemail.com"]
[Date "2018.10.28"]
[Round "1"]
[White "Jaroslavpech"]
[Black "Asoka"]
[WhiteElo "2470"]
[BlackElo "2710"]
[Result "1/2-1/2"]
[Round "1"]
1.c4 Ng8f6
2.Nb1c3 e5
3.Ng1f3 Nb8c6
4.g3 d5
5.cxd5 Nf6xd5
6.Bf1g2 Nd5b6
7.O-O Bf8e7
8.d3 O-O
9.Bc1e3 Bc8g4
10.a4 a5
11.Ra1c1 Qd8d7
12.Nf3d2 Ra8d8
13.Nd2b3 Bg4h3
14.Nb3c5 Be7xc5
15.Be3xc5 Bh3xg2
16.Kxg2 Rf8e8
17.Bc5xb6 cxb6
18.Nc3b5 Re8e6
19.f3 Re6h6
20.h4 Rh6e6
21.Rc1c4 h5
22.Qd1c1 Re6g6
23.Rf1f2 Nc6d4
24.Rc4c7 Qd7e6
25.Kh2 Nd4xb5
26.axb5 Qe6d5
27.Kh3 Qd5xb5
28.Rc7xb7 Rg6c6
29.Qc1g5 Rd8f8
30.g4 Rc6g6
31.Qg5c1 Rg6c6
32.Qc1g5 Rc6g6
{ draw }
1/2-1/2

[Event "Tourn. n9981"]
[Site "www.echecsemail.com"]
[Date "2018.10.28"]
[Round "1"]
[White "Apdash"]
[Black "Drill64"]
[WhiteElo "2240"]
[BlackElo "2149"]
[Result "0-1"]
[Round "1"]
1.e4 c5
2.Ng1f3 Nb8c6
3.d3 g6
4.Nb1c3 Bf8g7
5.Bc1f4 d6
6.h4 h5
7.Bf1e2 Ng8f6
8.Nf3g5 Bc8d7
9.Qd1d2 Nc6d4
10.e5 dxe5
11.Bf4xe5 Bd7c6
12.Be5xd4 Qd8xd4
13.Ng5f3 Qd4d6
14.O-O-O Bc6xf3
15.Be2xf3 Bg7h6
16.Bf3xb7 Bh6xd2
17.Rd1xd2 Ra8b8
18.Bb7a6 Qd6xa6
19.f3 O-O
20.b3 Rf8d8
21.Rd2e2 Nf6d5
22.Nc3a4 Qa6f6
23.Kd2 Rb8b4
24.Rh1c1 Rb4xa4
25.bxa4 Qf6f4
26.Kd1 Nd5c3
27.Ke1 Qf4xc1
{ resign }
0-1

[Event "Tourn. n9973"]
[Site "www.echecsemail.com"]
[Date "2018.10.28"]
[Round "1"]
[White "Julian"]
[Black "Osopanda"]
[WhiteElo "1730"]
[BlackElo "1850"]
[Result "0-1"]
[Round "1"]
1.e4 c5
2.Ng1f3 Nb8c6
3.c3 d6
4.d4 cxd4
5.cxd4 e5
6.dxe5 dxe5
7.Qd1xd8 Kxd8
8.Nb1c3 Bf8b4
9.Bc1d2 { time. }
0-1

[Event "Match"]
[Site "www.echecsemail.com"]
[Date "2018.10.28"]
[Round "1"]
[White "Ranjachess"]
[Black "Rindrandria"]
[WhiteElo "1780"]
[BlackElo "1790"]
[Result "1-0"]
[Round "1"]
1.d4 b6
2.e4 Bc8b7
3.d5 c6
4.Nb1c3 cxd5
5.exd5 e5
6.a3 Bf8c5
7.Bc1e3 Bc5xe3
8.fxe3 e4
9.Qd1g4 Ng8f6
10.Qg4f5 O-O
11.O-O-O d6
12.Nc3xe4 Nf6xe4
13.Qf5xe4 Rf8e8
14.Qe4d4 Nb8d7
15.Ng1f3 Ra8c8
16.Nf3h4 Bb7xd5
17.Nh4f5 Nd7f6
18.Bf1d3 Qd8c7
19.c3 Re8e5
20.Rh1e1 Bd5xg2
21.Nf5xd6 Rc8d8
22.Qd4xe5 Rd8xd6
23.Bd3xh7 Nf6xh7
24.Rd1xd6 Qc7c4
25.Re1g1  { time }
1-0

[Event "Tourn. n9948"]
[Site "www.echecsemail.com"]
[Date "2018.10.28"]
[Round "1"]
[White "Drill64"]
[Black "Alcon"]
[WhiteElo "1849"]
[BlackElo "1709"]
[Result "1-0"]
[Round "1"]
1.e4 d6
2.d4 g6
3.f4 Bf8g7
4.Ng1f3 a6
5.c3 e6
6.Bf1d3 Ng8e7
7.O-O Nb8d7
8.Bc1e3 b6
9.Nb1d2 Bc8b7
10.Qd1e2 O-O
11.Ra1e1 c5
12.e5 cxd4
13.cxd4 Ne7d5
14.g3 Nd5b4
15.Bd3b1 dxe5
16.dxe5 Nb4d5
17.Be3f2 b5
{ time. }
1-0

[Event "Match"]
[Site "www.echecsemail.com"]
[Date "2018.10.28"]
[Round "1"]
[White "Alekpax"]
[Black "Zack1984"]
[WhiteElo "2560"]
[BlackElo "1370"]
[Result "0-1"]
[Round "1"]
1.e4 Ng8f6
2.e5 Nf6d5
3.d4 d6
4.Ng1f3 Bc8g4
5.Bf1e2 e6
6.O-O Bf8e7
7.c4 Nd5b6
8.Nb1c3 O-O
9.Bc1e3 Nb8c6
10.exd6 cxd6
11.d5 exd5
12.Nc3xd5 Nb6xd5
13.Qd1xd5 Bg4e6
14.Qd5b5 Be7f6
15.Ra1d1 Qd8e7
16.Rf1e1 a6
 { time }
0-1

[Event "Match"]
[Site "www.echecsemail.com"]
[Date "2018.10.28"]
[Round "1"]
[White "Alessiov"]
[Black "Zack1984"]
[WhiteElo "2470"]
[BlackElo "1370"]
[Result "0-1"]
[Round "1"]
1.e4 Ng8f6
2.e5 Nf6d5
3.d4 d6
4.Ng1f3 Bc8g4
5.Bf1e2 e6
6.O-O Bf8e7
7.c4 Nd5b6
8.Nb1c3 O-O
9.Bc1e3 Nb8c6
10.exd6 cxd6
11.d5 exd5
12.Nc3xd5 Nb6xd5
13.cxd5 Bg4xf3
14.Be2xf3 Nc6e5
15.Bf3e2 f5
16.Qd1d2 Ne5g4
17.Be3f4 Ng4e5
 { time }
0-1

[Event "Tourn. n9967"]
[Site "www.echecsemail.com"]
[Date "2018.10.28"]
[Round "1"]
[White "Francesco"]
[Black "Bojan"]
[WhiteElo "1910"]
[BlackElo "1910"]
[Result "0-1"]
[Round "1"]
1.e4 e5
2.Ng1f3 d6
3.d4 exd4
4.Nf3xd4 Bc8d7
5.Nb1c3 Nb8c6
6.Bc1e3 g6
7.Bf1c4 Nc6e5
8.Bc4b3 Bf8g7
9.Qd1d2 h6
10.Nc3d5 Ng8f6
11.Nd5xf6 Qd8xf6
12.O-O-O Ne5g4
13.h3 Ng4xe3
14.Qd2xe3 h5
15.Kb1 O-O
16.Rh1f1 Rf8e8
17.f3 c5
18.c3 cxd4
19.Rd1xd4 Bd7c6
20.Rf1d1 Ra8d8
21.Rd4d2 a5
22.a3 Kh7
23.g4 Bg7h6
{ resign }
0-1

[Event "Tourn. n9890"]
[Site "www.echecsemail.com"]
[Date "2018.10.28"]
[Round "1"]
[White "Apdash"]
[Black "Kevinking"]
[WhiteElo "1870"]
[BlackElo "1960"]
[Result "1/2-1/2"]
[Round "1"]
1.e4 e6
2.d4 d5
3.e5 c5
4.Ng1f3 Nb8c6
5.c3 Bc8d7
6.Bf1b5 Nc6xe5
7.Bb5xd7 Ne5xd7
8.Bc1g5 Qd8b6
9.Qd1c2 cxd4
10.Nf3xd4 Ra8c8
11.Qc2e2 Bf8e7
12.Bg5xe7 Ng8xe7
13.O-O O-O
14.Nb1a3 a6
15.Ra1b1 Ne7g6
16.Na3c2 e5
17.Nd4f5 Nd7f6
18.h4 Rf8e8
19.h5 Ng6f4
20.Qe2f3 Nf4xh5
21.Nc2b4 g6
22.Nf5e3 Nh5f4
23.Nb4xd5 Nf4xd5
24.Ne3xd5 Nf6xd5
25.Qf3xd5 Rc8d8
26.Qd5e4 f5
27.Qe4c4 Kg7
28.Rf1e1 Rd8d2
29.Re1e2 Rd2xe2
30.Qc4xe2 e4
31.Rb1d1 Re8d8
32.b3 Rd8xd1
33.Qe2xd1 Qb6c7
34.Qd1d4 Kh6
35.c4 Qc7a5
36.Qd4e3 g5
37.a4 b6
38.Qe3h3 Kg6
39.g4 f4
40.Qh3h5 Kg7
41.Kg2 Qa5e5
42.Qh5h1 Qe5e6
43.Qh1h5 h6
44.Kf1 Qe6d7
45.Ke1 Qd7e7
46.Qh5h3 Qe7b4
47.Kd1 Qb4d6
48.Kc2 f3
49.Qh3f1 Kg6
50.Kc3 Qd6e5
51.Kc2 a5
52.Qf1d1 h5
53.gxh5 Kxh5
54.Qd1d7 Kh4
55.Qd7h7 Kg4
56.Qh7d7 Qe5f5
57.Qd7xf5 Kxf5
58.b4 Ke5
59.c5 e3
60.cxb6 exf2
61.b7 f1Q
62.b8Q Kd4
63.Qb8d6 Ke4
64.Qd6g6 Kf4
65.Qg6d6 Kg4
66.Qd6e6 { draw }
1/2-1/2

[Event "Tourn. n9915"]
[Site "www.echecsemail.com"]
[Date "2018.10.28"]
[Round "1"]
[White "Madz123456"]
[Black "Minorsana"]
[WhiteElo "1690"]
[BlackElo "1459"]
[Result "1-0"]
[Round "1"]
1.e4 e5
2.Ng1f3 Nb8c6
3.d4 exd4
4.Nf3xd4 Ng8f6
5.Nd4xc6 bxc6
6.e5 Qd8e7
7.Qd1e2 Nf6d5
8.c4 Bc8a6
9.b3 g6
10.f4 d6
11.Qe2f2 Nd5f6
12.Bf1e2 dxe5
13.Nb1c3 Qe7b4
14.Qf2e3 O-O-O
15.a3 Qb4xb3
16.Ra1b1 Qb3c2
17.Bc1b2 Rd8d4
18.fxe5 Bf8c5
19.exf6 Ba6xc4
20.Bb2a1 Bc4xe2
21.Rb1c1 Qc2f5
22.Qe3xe2 Rh8d8
23.Rh1f1 Qf5d7
24.Qe2a6 Kb8
25.Rc1b1  { time }
1-0

[Event "Fast Game"]
[Site "www.echecsemail.com"]
[Date "2018.10.28"]
[Round "1"]
[White "Apdash"]
[Black "Stevep84"]
[WhiteElo "1840"]
[BlackElo "1990"]
[Result "0-1"]
[Round "1"]
1.e4 e5
2.Ng1f3 Nb8c6
3.d4 exd4
4.Nf3xd4 Ng8f6
5.Bc1g5 h6
6.Bg5xf6 Qd8xf6
7.c3 Bf8c5
8.Nd4f3 d6
9.Bf1b5 Bc8d7
10.Bb5d3 Nc6e5
11.Bd3e2 Ne5g4
12.O-O O-O-O
13.Nf3d4 Qf6f4
14.Be2xg4 Bd7xg4
15.f3 Bg4e6
16.b4 Bc5b6
17.Kh1 Be6c4
18.Rf1e1 c5
19.Nb1d2 Bc4e6
20.Nd4e2 Qf4h4
21.g3 Qh4f6
22.a4 h5
23.Qd1c2 h4
24.Re1f1 hxg3
25.Ne2xg3 Qf6h4
26.Rf1f2 Qh4xg3
27.Rf2g2 Qg3e5
28.Ra1f1 Be6h3
29.Rf1f2 Bh3xg2
30.Rf2xg2 Bb6c7
31.bxc5 dxc5
32.Nd2f1 Qe5f4
33.Qc2e2 Rh8h3
34.Kg1 g6
35.Rg2g4 Qf4xf3
36.Qe2xf3 Rh3xf3
37.Kg2 Rf3xc3
38.h4 Rc3c4
39.Nf1e3 Rc4xa4
40.h5 gxh5
41.Rg4h4 Ra4a2
42.Kf3 Rd8g8
43.Ne3f5 Ra2a3
44.Ke2 Rg8g2
45.Kf1 Rg2b2
46.Nf5e7 Kd7
{ resign }
0-1

[Event "Tourn. n9970"]
[Site "www.echecsemail.com"]
[Date "2018.10.29"]
[Round "1"]
[White "Lucaschess"]
[Black "Apdash"]
[WhiteElo "2010"]
[BlackElo "2240"]
[Result "0-1"]
[Round "1"]
1.d4 d5
2.c4 e6
3.Nb1c3 c6
4.cxd5 cxd5
5.Ng1f3 Nb8c6
6.e3 Ng8f6
7.Bc1d2 Bf8e7
8.a3 O-O
9.Bf1d3 a6
10.O-O b5
11.b4 Be7d6
12.Qd1c2 Bc8d7
 { time }
0-1

[Event "Tourn. n9909"]
[Site "www.echecsemail.com"]
[Date "2018.10.29"]
[Round "1"]
[White "Madz123456"]
[Black "Deneb"]
[WhiteElo "1660"]
[BlackElo "1600"]
[Result "1-0"]
[Round "1"]
1.e4 c5
2.Ng1f3 d6
3.Nb1c3 Ng8f6
4.d4 cxd4
5.Nf3xd4 a6
6.Bc1g5 e6
7.Bf1e2 Bf8e7
8.O-O O-O
9.Bg5e3 Qd8c7
10.g3 Nb8d7
11.g4 Nd7c5
12.f3 h6
13.Qd1d2 b6
14.g5 hxg5
15.Be3xg5 Bc8b7
16.Qd2e3 b5
17.Kh1 b4
18.Nc3d1 g6
19.c3 a5
20.Nd1f2 e5
21.Nd4b5 Qc7d8
22.Bg5h6 Rf8e8
23.Ra1d1 Qd8b6
24.c4 Ra8d8
25.a3 bxa3
26.Qe3xa3 Bb7c6
27.Bh6g5 Kg7
28.Bg5e3  { time }
1-0

[Event "Match"]
[Site "www.echecsemail.com"]
[Date "2018.10.29"]
[Round "1"]
[White "Minorsana"]
[Black "Zack1984"]
[WhiteElo "2260"]
[BlackElo "1370"]
[Result "0-1"]
[Round "1"]
1.e4 Ng8f6
2.e5 Nf6d5
3.d4 d6
4.Ng1f3 Bc8g4
5.Bf1e2 e6
6.O-O Bf8e7
7.c4 Nd5b6
8.Nb1c3 O-O
9.Bc1e3 Nb8c6
10.exd6 cxd6
11.d5 exd5
12.cxd5 Bg4xf3
13.Be2xf3 Nc6e5
14.Bf3e2 Ra8c8
 { time }
0-1

[Event "Tourn. n9913"]
[Site "www.echecsemail.com"]
[Date "2018.10.29"]
[Round "1"]
[White "Deneb"]
[Black "Madz123456"]
[WhiteElo "1600"]
[BlackElo "1690"]
[Result "0-1"]
[Round "1"]
1.e4 e6
2.d4 d5
3.Nb1c3 Ng8f6
4.e5 Nf6d7
5.f4 Bf8e7
6.Ng1f3 c5
7.Bc1e3 O-O
8.Qd1d2 a6
9.dxc5 Nd7xc5
10.O-O-O b5
11.f5 Nc5a4
12.f6 gxf6
13.Bf1d3 Na4xc3
14.Qd2xc3 fxe5
15.Qc3xe5 f5
16.Qe5g3 Kh8
17.Qg3h3 Nb8c6
18.g4 d4
19.Be3h6 Rf8g8
20.gxf5 exf5
21.Rh1g1 Be7f6
22.Bd3xf5 Nc6e7
23.Bf5xc8 Qd8xc8
24.Bh6g5 Qc8xh3
25.Bg5xf6 Rg8g7
 { time }
0-1

[Event "Match"]
[Site "www.echecsemail.com"]
[Date "2018.10.29"]
[Round "1"]
[White "Apdash"]
[Black "Add"]
[WhiteElo "2230"]
[BlackElo "2220"]
[Result "1-0"]
[Round "1"]
1.e4 d5
2.e5 a6
3.d4 h6
4.c4 dxc4
5.Bf1xc4 e6
6.Ng1f3 c6
7.a4 a5
8.O-O Ng8e7
9.Nb1c3 Ne7d5
10.Nc3e4 Nb8d7
11.Bc1d2 Nd7b6
12.Bc4b3 Bf8e7
13.Ne4c3 Nd5xc3
14.bxc3 O-O
15.Qd1e2 Nb6d5
16.c4 Nd5b4
17.Rf1d1 Rf8e8
18.d5 exd5
19.Bd2xb4 Be7xb4
20.cxd5 cxd5
21.Bb3xd5 Qd8e7
22.h3 Ra8b8
23.Bd5c4 Bc8e6
24.Bc4b5 Re8d8
25.Nf3d4 Bb4c3
26.Nd4xe6 Bc3xa1
27.Ne6xd8 Ba1xe5
28.Rd1d7 Qe7c5
29.Nd8xf7 Be5f6
30.Qe2c4 Qc5xc4
31.Bb5xc4 Kf8
32.Nf7d6 Bf6e7
33.Nd6xb7 Rb8c8
34.Bc4b5 Be7b4
35.Rd7d8 Rc8xd8
36.Nb7xd8 g5
37.Nd8c6 Bb4c3
38.Nc6b8 Ke7
39.g4 Kf6
40.Kg2 Bc3d2
41.Nb8d7 Ke6
42.Nd7c5 Kd5
43.Nc5b3 Bd2c3
44.Kf3 Ke5
45.Nb3c1 Bc3d2
46.Nc1e2 Bd2e1
47.Ne2g3 Kf6
48.Ng3f5 Kg6
49.Ke2 Be1c3
50.Ke3 h5
51.f4 hxg4
52.hxg4 gxf4
53.Kxf4 Bc3d2
54.Kf3 Kg5
55.Nf5g3 Bd2c1
56.Ng3e4 Kg6
57.g5 Bc1a3
58.Kg4 Ba3c1
59.Bb5e8 Kg7
60.Kf5 Bc1e3
61.g6 Be3d4
62.Ne4g5 Bd4c3
63.Ng5e6 Kg8
64.Be8f7 Kh8
65.Ke4 Bc3f6
66.Ne6d4 Bf6d8
67.Kd5 { resign }
1-0

[Event "Tourn. n9941"]
[Site "www.echecsemail.com"]
[Date "2018.10.29"]
[Round "1"]
[White "Obisporey"]
[Black "Szustan"]
[WhiteElo "2550"]
[BlackElo "2570"]
[Result "1/2-1/2"]
[Round "1"]
1.d4 d5
2.c4 dxc4
3.e3 Ng8f6
4.Bf1xc4 e6
5.Ng1f3 c5
6.O-O a6
7.dxc5 Qd8xd1
8.Rf1xd1 Bf8xc5
9.a3 b5
10.Bc4d3 O-O
11.b4 Bc5e7
12.Bc1b2 Rf8d8
13.Nb1c3 Bc8b7
14.e4 Nb8d7
15.e5 Nf6e8
16.Bd3e4 Bb7xe4
17.Nc3xe4 Ne8c7
18.Bb2d4 Nc7d5
19.Bd4c5 Kf8
20.Ne4d6 Nd7xe5
21.Nf3xe5 Be7xd6
22.Ne5c6 Bd6xc5
23.Nc6xd8 Ra8xd8
24.bxc5 Ke7
25.Rd1d3 Rd8c8
26.Ra1c1 h5
27.h4 Rc8c7
28.f3 g6
29.Kf2 a5
30.Rd3b3 b4
31.axb4 axb4
{ draw }
1/2-1/2

[Event "Match"]
[Site "www.echecsemail.com"]
[Date "2018.10.29"]
[Round "1"]
[White "Krystek23"]
[Black "Gidgud"]
[WhiteElo "2580"]
[BlackElo "2320"]
[Result "1-0"]
[Round "1"]
1.c4 e6
2.Nb1c3 Ng8f6
3.Ng1f3 Bf8b4
4.Qd1c2 O-O
5.e3 b6
6.Bf1e2 Bc8b7
7.b3 Bb4xc3
8.Qc2xc3 Nf6e4
9.Qc3c2 Nb8a6
10.Bc1b2 Na6b4
11.Qc2b1 Ne4c5
12.d3 a5
13.O-O d6
14.a3 Nb4c6
15.Qb1c2 a4
16.b4 Nc5b3
17.Ra1d1 Qd8e7
18.d4 d5
19.Be2d3 g6
20.e4 dxc4
21.Bd3xc4 Nc6xb4
22.axb4 Qe7xb4
23.Nf3e5 Nb3a5
24.Bc4a2 Bb7xe4
25.Qc2c1 Na5b3
26.Qc1e3 Be4f5
27.d5 Bf5c2
28.dxe6 Bc2xd1
29.Ne5xf7 Rf8xf7
30.Qe3e5 { resign }
1-0

[Event "Match"]
[Site "www.echecsemail.com"]
[Date "2018.10.29"]
[Round "1"]
[White "Iko"]
[Black "Apdash"]
[WhiteElo "1810"]
[BlackElo "2290"]
[Result "0-1"]
[Round "1"]
1.e4 c5
2.Ng1f3 d6
3.Bf1b5 Bc8d7
4.Bb5xd7 Qd8xd7
5.O-O g6
6.c3 Bf8g7
7.b4 cxb4
8.cxb4 Bg7xa1
9.d4 Ng8f6
10.Bc1a3 Nf6xe4
11.Qd1d3 f5
12.Nb1d2 Ne4xd2
13.Qd3xd2 Qd7a4
14.Rf1xa1 Qa4xa3
15.Nf3g5 h6
16.Ng5e6 Kd7
17.d5 Nb8a6
18.b5 Na6c5
19.Ra1c1 Nc5xe6
20.dxe6 Kxe6
21.Rc1e1 Kd7
22.Qd2e2 e5
23.f4 Rh8e8
24.Re1d1 exf4
25.Qe2d2 Qa3e3
26.Kf1 Qe3xd2
27.Rd1xd2 Re8e4
28.Rd2d3 Ra8c8
29.Rd3a3 Re4b4
30.Ra3xa7 Rb4xb5
31.a4 Rb5b2
32.a5 Rc8c1

0-1

[Event "1/32 Finale"]
[Site "www.chess-mail.com"]
[Date "2018.10.29"]
[Round "1"]
[White "Jaroslavpech"]
[Black "Bojan"]
[WhiteElo "2490"]
[BlackElo "1890"]
[Result "1-0"]
[Round "1"]
1.e4 e5
2.Ng1f3 d6
3.d4 exd4
4.Nf3xd4 a6
5.Nb1c3 c5
6.Nd4b3 Bf8e7
7.Bc1f4 Ng8f6
8.Qd1d2 Nf6h5
9.Bf4e3 Qd8c7
10.Nc3d5 Qc7d8
11.Nd5xe7 Kxe7
12.O-O-O Qd8c7
13.e5 dxe5
14.Be3xc5 Ke8
15.Qd2g5 g6
16.Rd1d7 Qc7xd7
17.Qg5xe5 Kd8
18.Bc5b6 { resign }
1-0

[Event "Tourn. n9926"]
[Site "www.echecsemail.com"]
[Date "2018.10.30"]
[Round "1"]
[White "Pdebonis"]
[Black "Foxy100"]
[WhiteElo "2700"]
[BlackElo "2310"]
[Result "1-0"]
[Round "1"]
1.e4 e5
2.Ng1f3 Nb8c6
3.Bf1c4 Bf8c5
4.b4 Bc5b6
5.a4 a6
6.c3 d6
7.d3 Ng8f6
8.O-O h6
9.Nb1d2 O-O
10.h3 Qd8e7
11.Bc4b3 Bc8e6
12.Nd2c4 Bb6a7
13.Rf1e1 Rf8d8
14.Bc1d2 Qe7d7
15.a5 Qd7e7
16.Bb3a4 Rd8c8
17.Nc4e3 Rc8e8
18.Qd1c2 Be6d7
19.Ba4b3 Ra8c8
20.Ra1b1 Rc8b8
21.Qc2b2 Qe7f8
22.Qb2c1 Qf8e7
23.Qc1d1 Bd7c8
24.Nf3h2 Bc8d7
25.Ne3f5 Bd7xf5
26.exf5 Qe7d7
27.Qd1f3 Nc6e7
28.g4 Qd7c6
29.Qf3xc6 Ne7xc6
30.Bb3a4 Re8f8
31.Kg2 Kh7
32.h4 Rb8d8
33.Ba4c2 b5
34.axb6 Ba7xb6
35.Rb1a1 { resign }
1-0

[Event "Match"]
[Site "www.echecsemail.com"]
[Date "2018.10.30"]
[Round "1"]
[White "Paco"]
[Black "Gilliere"]
[WhiteElo "1950"]
[BlackElo "1980"]
[Result "1-0"]
[Round "1"]
1.e4 c5
2.Bf1c4 Nb8c6
3.Qd1f3 Nc6e5
4.Qf3b3 Ne5xc4
5.Qb3xc4 e6
6.Ng1f3 b6
7.Nb1c3 Ng8e7
8.d4 a5
9.dxc5 Bc8a6
10.Qc4d4 Ne7c6
11.Qd4e3 Bf8xc5
12.Qe3f4 O-O
13.Qf4g3 Qd8f6
14.Bc1g5 Qf6g6
15.O-O-O f6
16.Bg5e3 Qg6xg3
17.hxg3 Bc5xe3
18.fxe3 g5
19.Rd1xd7 Rf8f7
20.Rd7d6 Ba6b7
21.Rd6xe6 Kg7
22.Nc3d5 b5
23.g4 h6
24.Nf3d4 Nc6xd4
25.exd4 Bb7xd5
26.exd5 Ra8d8
27.d6 Rf7d7
28.Re6e7 Kg8
29.Rh1xh6 Rd7xd6
30.Rh6g6 Kf8
31.Rg6g7 Rd6xd4
32.Re7f7 Ke8
33.b3 Rd4d1
34.Kb2 Rd1d6
35.Rf7b7 Rd6d5
36.Rg7g8 
1-0

[Event "Tourn. n9981"]
[Site "www.echecsemail.com"]
[Date "2018.10.30"]
[Round "1"]
[White "Amaya"]
[Black "Apdash"]
[WhiteElo "2100"]
[BlackElo "2220"]
[Result "0-1"]
[Round "1"]
1.d4 d5
2.e3 Ng8f6
3.Bf1d3 c5
4.c3 cxd4
5.cxd4 Nb8c6
6.a3 e5
7.f3 exd4
8.f4 dxe3
9.Bc1xe3 d4
10.Be3c1 Bc8g4
11.Ng1f3 Bf8e7
12.O-O O-O
13.Nb1d2 Nf6d5
14.Nd2e4 Qd8c7
15.Qd1e1 Ra8e8
16.Nf3e5 Nc6xe5
17.fxe5 Qc7xe5
18.Ne4g5 Be7xg5
19.Bc1xg5 Qe5xg5
20.Qe1a5 Qg5e3
{ resign }
0-1

[Event "Tourn. n9975"]
[Site "www.echecsemail.com"]
[Date "2018.10.30"]
[Round "1"]
[White "Fabos12"]
[Black "Fantomas"]
[WhiteElo "2010"]
[BlackElo "2140"]
[Result "0-1"]
[Round "1"]
1.d4 d5
2.Ng1f3 Ng8f6
3.h3 g6
4.Bc1f4 Bf8g7
5.Nb1d2 O-O
6.c3 Nb8d7
7.g4 c6
8.Bf1g2 { time. }
0-1

[Event "Tourn. n9967"]
[Site "www.echecsemail.com"]
[Date "2018.10.30"]
[Round "1"]
[White "Fabos12"]
[Black "Francesco"]
[WhiteElo "1970"]
[BlackElo "1910"]
[Result "0-1"]
[Round "1"]
1.d4 d5
2.Ng1f3 Bc8g4
3.Nb1d2 e6
4.h3 Bg4xf3
5.gxf3 c5
6.c3 cxd4
7.cxd4 Bf8b4
8.a3 Bb4a5
9.b4 Ba5b6
10.Bc1b2 Ng8f6
11.Bf1g2 O-O
12.e4 { time. }
0-1

[Event "Tourn. n9950"]
[Site "www.echecsemail.com"]
[Date "2018.10.30"]
[Round "1"]
[White "Szustan"]
[Black "Obisporey"]
[WhiteElo "2570"]
[BlackElo "2530"]
[Result "1/2-1/2"]
[Round "1"]
1.e4 c5
2.c3 Ng8f6
3.e5 Nf6d5
4.d4 cxd4
5.Ng1f3 e6
6.cxd4 d6
7.Bf1c4 Bf8e7
8.O-O O-O
9.Qd1e2 dxe5
10.Nb1c3 exd4
11.Nf3xd4 Nb8c6
12.Nd4xc6 bxc6
13.Rf1e1 Nd5xc3
14.bxc3 Qd8c7
15.Bc4d3 Ra8b8
16.g3 e5
17.Qe2xe5 Qc7xe5
18.Re1xe5 Bc8e6
19.Bc1e3 Rf8d8
20.Bd3f1 Be7f6
21.Re5c5 h6
22.Rc5xc6 a5
23.Ra1c1 Be6xa2
24.Be3b6 Rd8d5
25.c4 Rd5f5
26.Bb6c7 Rb8b1
27.Bc7f4 Rb1xc1
28.Bf4xc1 Ba2b1
29.Rc6b6 Bb1e4
{ draw }
1/2-1/2

[Event "Tourn. n9970"]
[Site "www.echecsemail.com"]
[Date "2018.10.30"]
[Round "1"]
[White "Lucaschess"]
[Black "Fantomas"]
[WhiteElo "2010"]
[BlackElo "2120"]
[Result "0-1"]
[Round "1"]
1.d4 d5
2.c4 e6
3.Nb1c3 Ng8f6
4.Bc1g5 Bf8e7
5.e3 O-O
6.Ng1f3 h6
7.Bg5h4 c6
8.Bf1e2 Nb8d7
9.O-O b6
10.a3 Bc8b7
11.cxd5 cxd5
12.b4 Nf6e8
13.Bh4xe7 Qd8xe7
 { time }
0-1

[Event "Match"]
[Site "www.echecsemail.com"]
[Date "2018.10.30"]
[Round "1"]
[White "Caspito"]
[Black "Tbsundar"]
[WhiteElo "1830"]
[BlackElo "1880"]
[Result "0-1"]
[Round "1"]
1.e4 e5
2.Ng1f3 Nb8c6
3.Bf1c4 Bf8c5
4.c3 Ng8f6
5.d4 exd4
6.Bc4xf7 Kxf7
7.Nf3g5 Kg6
8.cxd4 Bc5xd4
9.O-O d6
10.Qd1f3 Nc6e5
11.Qf3g3 Nf6h5
12.Qg3b3 Qd8f6
13.Nb1c3 c6
14.Nc3e2 Bd4b6
15.Ne2g3 Nh5f4
16.Bc1xf4 Qf6xf4
17.Ng5e6 Qf4f6
{ resign }
0-1

[Event "Tourn. n9971"]
[Site "www.echecsemail.com"]
[Date "2018.10.30"]
[Round "1"]
[White "Drill64"]
[Black "Scasan55"]
[WhiteElo "1999"]
[BlackElo "1950"]
[Result "1-0"]
[Round "1"]
1.e4 c5
2.c3 Nb8c6
3.Ng1f3 d6
4.d4 cxd4
5.cxd4 Ng8f6
6.Nb1c3 e6
7.Bc1e3 Bf8e7
8.Bf1d3 a6
9.h3 O-O
10.Qd1d2 b5
11.O-O Bc8b7
12.Ra1c1 Nc6b4
13.Bd3b1 Qd8c7
14.a3 Nb4c6
15.Be3f4 Qc7b6
16.Qd2d3 Ra8c8
17.e5 dxe5
18.dxe5 Rf8d8
19.Qd3c2 Nc6d4
20.Nf3xd4 Rd8xd4
21.exf6 Be7xf6
22.Qc2xh7 Kf8
23.Nc3e2 Rd4d8
24.Bf4e3 Bf6d4
25.Qh7h8 Ke7
26.Qh8h4 Kf8
27.Rc1xc8 Rd8xc8
28.Be3xd4 Qb6c6
29.Qh4h8 Ke7
30.Qh8xg7 Rc8h8
31.Bd4f6 { resign }
1-0

[Event "Tourn. n9966"]
[Site "www.echecsemail.com"]
[Date "2018.10.30"]
[Round "1"]
[White "Luciano59"]
[Black "Seger"]
[WhiteElo "2400"]
[BlackElo "2830"]
[Result "1/2-1/2"]
[Round "1"]
1.e4 e5
2.Ng1f3 d6
3.d4 exd4
4.Nf3xd4 Ng8f6
5.Nb1c3 Bf8e7
6.Bf1e2 O-O
7.O-O c5
8.Nd4b3 Nb8c6
9.Bc1f4 Bc8e6
10.Rf1e1 Ra8c8
11.h3 d5
12.exd5 Nf6xd5
13.Nc3xd5 Qd8xd5
14.Qd1xd5 Be6xd5
15.c3 Bd5e6
16.Be2g4 Be6xg4
17.hxg4 Rf8d8
18.Ra1d1 { draw }
1/2-1/2

[Event "Tourn. n9843"]
[Site "www.echecsemail.com"]
[Date "2018.10.30"]
[Round "1"]
[White "Szustan"]
[Black "Seger"]
[WhiteElo "2640"]
[BlackElo "2830"]
[Result "1/2-1/2"]
[Round "1"]
1.e4 e5
2.Ng1f3 Nb8c6
3.Nb1c3 Ng8f6
4.d4 exd4
5.Nc3d5 Nf6xe4
6.Qd1e2 f5
7.Nf3g5 d3
8.cxd3 Nc6d4
9.Qe2h5 g6
10.Qh5h4 c6
11.dxe4 cxd5
12.exd5 Bf8g7
13.Kd1 h6
14.Ng5f3 b6
15.Qh4xd8 Kxd8
16.Nf3h4 g5
17.Nh4g6 Rh8g8
18.h4 f4
19.d6 Bc8b7
20.hxg5 hxg5
21.Rh1h5 Bg7f6
22.Ng6e7 Rg8h8
23.Rh5xh8 Bf6xh8
24.Bc1d2 Nd4e6
25.Bd2c3 Bh8xc3
26.bxc3 Ne6g7
27.Kc2 Ng7e8
28.Ne7f5 Bb7e4
29.Bf1d3 Be4xf5
30.Bd3xf5 Ne8xd6
31.Bf5g4 Kc7
32.Ra1h1 Ra8f8
33.Rh1h5 Nd6f7
34.Bg4f5 Rf8g8
35.g4 b5
36.Kb3 Nf7e5
37.Kb4 Kc6
38.Rh5h6 Kd5
39.Rh6h5 a5
40.Kxb5 Rg8b8
41.Ka4 Rb8b2
42.Rh5xg5 Kc4
43.a3 Kxc3
44.Rg5g8 f3
45.Rg8c8 Kd4
46.g5 Rb2xf2
47.Bf5xd7 Rf2g2
48.Bd7b5 Rg2xg5
49.Kxa5 Rg5g2
50.a4 Rg2b2
51.Ka6 f2
52.Rc8c1 Ne5g4
53.a5 Ng4e3
54.Rc1a1 Kc3
55.Kb6 Ne3c4
56.Ka6 Nc4e3
{ draw }
1/2-1/2

[Event "Match"]
[Site "www.echecsemail.com"]
[Date "2018.10.30"]
[Round "1"]
[White "Apdash"]
[Black "Jovaras"]
[WhiteElo "2190"]
[BlackElo "2140"]
[Result "1-0"]
[Round "1"]
1.e4 c5
2.Ng1f3 d6
3.d4 cxd4
4.Nf3xd4 Ng8f6
5.Nb1c3 a6
6.a4 e5
7.Nd4b3 Bf8e7
8.Bf1e2 O-O
9.Bc1e3 Bc8e6
10.Nc3d5 Nf6xe4
11.Be2f3 Ne4c5
12.Nd5xe7 Qd8xe7
13.Nb3xc5 dxc5
14.O-O Be6c4
15.Rf1e1 Qe7c7
16.b3 Bc4e6
17.Qd1d2 Nb8c6
18.Be3xc5 Rf8d8
19.Qd2e3 Qc7c8
20.Ra1d1 Rd8xd1
21.Re1xd1 Qc8c7
22.Bc5d6 Qc7a5
23.Bf3xc6 bxc6
24.Bd6xe5 Ra8e8
25.Qe3g5 g6
26.Qg5f6 { resign }
1-0